Músiques de la Patum : les antigues partitures / compiladors: Sergi Cuenca, Ramon Felipó les antigues partitures / compiladors:
ISBN:
978-84-96563-61-2
Descripción Física:
167 p. : partitures ; 20 cm
MARC
| LEADER | 00000nam a2200000Ia 4500 | ||
|---|---|---|---|
| 001 | 21288 | ||
| 008 | 160829s2008 xx 000 0 cat d | ||
| 020 | |a 978-84-96563-61-2 | ||
| 080 | |a M-6-173 | ||
| 245 | |a Músiques de la Patum : |b les antigues partitures / compiladors: |b Sergi Cuenca, Ramon Felipó | ||
| 260 | |a Barcelona : |b Llibres de l'Índex, |c 2008 | ||
| 300 | |a 167 p. : |b partitures ; |c 20 cm | ||
| 590 | |a Bibliografia. | ||
| 590 | |a Discografia. | ||
| 590 | |a S'ha utilitzat el fons de l'Arxiu General de la Diputació de Barcelona. | ||
| 590 | |a Dedicatòria a la portada | ||
| 610 | 2 | 0 | |a Patum |9 55555 |
| 650 | 0 | |a Festes populars |z Berga (Catalunya) |9 44343 | |
| 700 | |a Cuenca, Sergi, comp. |9 44344 | ||
| 700 | 1 | |a Felipó, Ramon |9 44345 | |
| 901 | |a Arxiu | ||
| 942 | |n 1 | ||
| 952 | |0 0 |1 0 |4 0 |6 M6173 |7 1 |9 51902 |a Arxiu |b Arxiu |d 2016-12-01 |l 0 |o M-6-173 |p 21288 |r 2016-12-01 00:00:00 |w 2016-12-01 |y ARXIU | ||
| 999 | |c 55748 |d 55748 | ||